Kymenlaakson kunnat - Äkkikuolema - Statistics

Yleistilastot
  • Tätä visaa on pelattu 224 kertaa
  • Keskiarvotulos 5 / 6
Answers on the Grid
Answers color-coded by a green-red scale on the quiz's grid according to % correct below.
Hamina
Hirvensalmi
Iitti
Kotka
Kouvola
Kuusankoski
Lappeenranta
Loviisa
Luumäki
Miehikkälä
Pyhtää
Repovesi
Savitaipale
Verla
Virolahti
 
Vastaustilastot
Vastaus % Oikein
Hamina
93%
Kotka
88%
Kouvola
86%
Miehikkälä
76%
Pyhtää
71%
Virolahti
71%
Ehtoja vastaavia visoja ei löytynyt
Tulosjakauma
Jokaisen tuloksen saaneiden osuus
Persentiili vastausten määrän mukaan
Tuloshistoriasi
Et ole pelannut tätä visaa